Crippled minds (Record no. 1074925)

MARC details
000 -LEADER
fixed length control field 00688nam a2200253Ia 4500
003 - CONTROL NUMBER IDENTIFIER
control field OSt
005 - DATE AND TIME OF LATEST TRANSACTION
control field 20221006142638.0
008 - FIXED-LENGTH DATA ELEMENTS--GENERAL INFORMATION
fixed length control field 221006b |||||||| |||| 00| 0 eng d
020 ## - INTERNATIONAL STANDARD BOOK NUMBER
International Standard Book Number 0706917723
037 ## - SOURCE OF ACQUISITION
Terms of availability Textual
040 ## - CATALOGING SOURCE
Original cataloging agency EASL
Transcribing agency EASL
Language of cataloging eng
041 ## - LANGUAGE CODE
Source of code eng
Language code of text/sound track or separate title eng
100 ## - MAIN ENTRY--PERSONAL NAME
Personal name GOONATILAKE Susantha
245 #0 - TITLE STATEMENT
Title Crippled minds
Remainder of title An exploration into colonial culture
260 ## - PUBLICATION, DISTRIBUTION, ETC.
Place of publication, distribution, etc. Ghaziabad
Name of publisher, distributor, etc. Vikas Pub.
Date of publication, distribution, etc. 1982
300 ## - PHYSICAL DESCRIPTION
Extent xii,350p.
Dimensions cm.
490 ## - SERIES STATEMENT
Volume/sequential designation Oth
942 ## - ADDED ENTRY ELEMENTS (KOHA)
Classification part Y:1.5.N75, M2
Koha item type Textual
Source of classification or shelving scheme Colon Classification (CC)
Holdings
Withdrawn status Lost status Source of classification or shelving scheme Damaged status Not for loan Home library Current library Date acquired Cost, normal purchase price Serial Enumeration / chronology Total Checkouts Full call number Barcode Date last seen Cost, replacement price Price effective from Koha item type
    Colon Classification (CC)     Department of East Asian Studies Library Department of East Asian Studies Library 2022-10-06 125.00 Oth   Y:1.5.N75 M2 EA0789459 2022-10-06 125.00 2022-10-06 Textual
Copyright @ Delhi University Library System